000 00671nam a2200193 4500
001 127762
003 ES-MaACL
005 20251010173803.0
007 t|
008 070214s1970 sp r ||||1| spa d
100 0 _aRío, Emilio del,
_d1928-2022
_997300
245 1 3 _aLa ciudad al sol /
_cEmilio del Río ; dibujos de Rafael Alvarez Ortega ; prólogo de José Camón Aznar.
260 _aSantander :
_bRevista de Humanidades,
_c1970.
300 _a82 p., 11 lám. ;
_c24 cm.
700 1 _aAlvarez Ortega, Rafael,
_d1927-
_920895
700 1 _aCamón Aznar, José,
_d1898-1979
_934095
852 _aES-MaACL
_jC-37595
_bR.76387
999 _c127762
_d127762